<?xml version="1.0" encoding="UTF-8"?>
<record
    xmlns:xsi="http://www.w3.org/2001/XMLSchema-instance"
    xsi:schemaLocation="http://www.loc.gov/MARC21/slim http://www.loc.gov/standards/marcxml/schema/MARC21slim.xsd"
    xmlns="http://www.loc.gov/MARC21/slim">

  <leader>01693nam2a2200337   4500</leader>
  <controlfield tag="001">RU\NLR\bibl\410094</controlfield>
  <controlfield tag="005">20250622170823.0</controlfield>
  <datafield tag="010" ind1=" " ind2=" ">
    <subfield code="a">5-275-00753-1</subfield>
  </datafield>
  <datafield tag="021" ind1=" " ind2=" ">
    <subfield code="a">RU</subfield>
    <subfield code="b">2003-19821</subfield>
    <subfield code="9">914</subfield>
  </datafield>
  <datafield tag="035" ind1=" " ind2=" ">
    <subfield code="a">(NLR Aleph) 000404168</subfield>
  </datafield>
  <datafield tag="090" ind1=" " ind2=" ">
    <subfield code="a">594080</subfield>
    <subfield code="c">594080</subfield>
  </datafield>
  <datafield tag="100" ind1=" " ind2=" ">
    <subfield code="a">20030606d2003    |||y0rusy50      ca</subfield>
  </datafield>
  <datafield tag="101" ind1="1" ind2=" ">
    <subfield code="a">rus</subfield>
    <subfield code="c">eng</subfield>
  </datafield>
  <datafield tag="102" ind1=" " ind2=" ">
    <subfield code="a">RU</subfield>
  </datafield>
  <datafield tag="105" ind1=" " ind2=" ">
    <subfield code="a">y   |||||||||</subfield>
  </datafield>
  <datafield tag="200" ind1="1" ind2=" ">
    <subfield code="a">&#x428;&#x43A;&#x43E;&#x43B;&#x430; &#x436;&#x438;&#x437;&#x43D;&#x438;</subfield>
    <subfield code="e">&#x420;&#x43E;&#x43C;&#x430;&#x43D; (&#x43E;&#x43A;&#x43E;&#x43D;&#x447;&#x430;&#x43D;&#x438;&#x435;)</subfield>
    <subfield code="f">[&#x41F;&#x435;&#x440;. &#x41A;. &#x416;&#x438;&#x445;&#x430;&#x440;&#x435;&#x432;&#x43E;&#x439;]</subfield>
    <subfield code="a">&#x41C;&#x43E;&#x440;&#x441;&#x43A;&#x430;&#x44F; &#x434;&#x435;&#x432;&#x430;</subfield>
    <subfield code="e">&#x420;&#x43E;&#x43C;&#x430;&#x43D;</subfield>
    <subfield code="f">[&#x41F;&#x435;&#x440;. &#x411;. &#x410;&#x43A;&#x438;&#x43C;&#x43E;&#x432;&#x430;]</subfield>
    <subfield code="a">&#x420;&#x430;&#x441;&#x441;&#x43A;&#x430;&#x437;&#x44B;</subfield>
    <subfield code="f">[&#x41F;&#x435;&#x440;. &#x410;. &#x422;&#x443;&#x444;&#x430;&#x43D;&#x43E;&#x432;&#x430; &#x438; &#x434;&#x440;.]</subfield>
  </datafield>
  <datafield tag="210" ind1=" " ind2=" ">
    <subfield code="d">2003</subfield>
    <subfield code="a">&#x411;. &#x43C;.</subfield>
  </datafield>
  <datafield tag="215" ind1=" " ind2=" ">
    <subfield code="a">381, [2] &#x441;.</subfield>
  </datafield>
  <datafield tag="327" ind1="1" ind2=" ">
    <subfield code="a">&#x421;&#x43E;&#x434;&#x435;&#x440;&#x436;.: &#x420;&#x43E;&#x43C;&#x430;&#x43D;&#x44B;: &#x428;&#x43A;&#x43E;&#x43B;&#x430; &#x436;&#x438;&#x437;&#x43D;&#x438; (&#x43E;&#x43A;&#x43E;&#x43D;&#x447;&#x430;&#x43D;&#x438;&#x435;); &#x41C;&#x43E;&#x440;&#x441;&#x43A;&#x430;&#x44F; &#x434;&#x435;&#x432;&#x430;; &#x420;&#x430;&#x441;&#x441;&#x43A;&#x430;&#x437;&#x44B;: &#x41F;&#x430;&#x443;&#x447;&#x44C;&#x44F; &#x434;&#x43E;&#x43B;&#x438;&#x43D;&#x430;; &#x42F;&#x431;&#x43B;&#x43E;&#x43A;&#x43E;; &#x411;&#x430;&#x431;&#x43E;&#x447;&#x43A;&#x430; Genus Novo; &#x41F;&#x43E;&#x440;&#x430;&#x437;&#x438;&#x442;&#x435;&#x43B;&#x44C;&#x43D;&#x44B;&#x439; &#x441;&#x43B;&#x443;&#x447;&#x430;&#x439; &#x441; &#x433;&#x43B;&#x430;&#x437;&#x430;&#x43C;&#x438; &#x414;&#x44D;&#x432;&#x438;&#x434;&#x441;&#x43E;&#x43D;&#x430;; &#x41A;&#x430;&#x43B;&#x438;&#x442;&#x43A;&#x430; &#x432; &#x441;&#x442;&#x435;&#x43D;&#x435;</subfield>
  </datafield>
  <datafield tag="461" ind1=" " ind2="0">
    <subfield code="1">001RU\NLR\bibl\371656</subfield>
    <subfield code="1">2001#$a&#x421;&#x43E;&#x431;&#x440;&#x430;&#x43D;&#x438;&#x435; &#x441;&#x43E;&#x447;&#x438;&#x43D;&#x435;&#x43D;&#x438;&#x439;$v&#x422;. 11</subfield>
    <subfield code="9">366583</subfield>
    <subfield code="a">&#x423;&#x44D;&#x43B;&#x43B;&#x441;, &#x413;. &#x414;. (1866-1946)</subfield>
    <subfield code="c">&#x41C;.</subfield>
    <subfield code="d">2002</subfield>
    <subfield code="f">&#x413;&#x435;&#x440;&#x431;&#x435;&#x440;&#x442; &#x414;&#x436;&#x43E;&#x440;&#x434;&#x436; &#x423;&#x44D;&#x43B;&#x43B;&#x441;</subfield>
    <subfield code="n">&#x422;&#x415;&#x420;&#x420;&#x410;-&#x41A;&#x43D;. &#x43A;&#x43B;&#x443;&#x431;</subfield>
    <subfield code="o">[&#x41F;&#x435;&#x440;. &#x441; &#x430;&#x43D;&#x433;&#x43B;.] : &#x412; 12 &#x442;.</subfield>
    <subfield code="t">&#x421;&#x43E;&#x431;&#x440;&#x430;&#x43D;&#x438;&#x435; &#x441;&#x43E;&#x447;&#x438;&#x43D;&#x435;&#x43D;&#x438;&#x439;</subfield>
    <subfield code="y">5-275-00596-2</subfield>
    <subfield code="v">&#x422;. 11</subfield>
  </datafield>
  <datafield tag="610" ind1="0" ind2=" ">
    <subfield code="a">&#x41D;&#x430;&#x443;&#x447;&#x43D;&#x43E;-&#x444;&#x430;&#x43D;&#x442;&#x430;&#x441;&#x442;&#x438;&#x447;&#x435;&#x441;&#x43A;&#x438;&#x435; &#x440;&#x43E;&#x43C;&#x430;&#x43D;&#x44B; &#x438; &#x440;&#x430;&#x441;&#x441;&#x43A;&#x430;&#x437;&#x44B; (&#x445;. &#x43B;.)</subfield>
  </datafield>
  <datafield tag="675" ind1=" " ind2=" ">
    <subfield code="a">821.111&#x423;&#x44D;&#x43B;&#x43B;&#x441;2</subfield>
    <subfield code="v">3</subfield>
    <subfield code="z">rus</subfield>
  </datafield>
  <datafield tag="675" ind1=" " ind2=" ">
    <subfield code="a">821.111-31&#x423;&#x44D;&#x43B;&#x43B;&#x441;</subfield>
    <subfield code="v">3</subfield>
    <subfield code="z">rus</subfield>
  </datafield>
  <datafield tag="686" ind1=" " ind2=" ">
    <subfield code="a">17.82</subfield>
    <subfield code="2">rugasnti</subfield>
  </datafield>
  <datafield tag="686" ind1=" " ind2=" ">
    <subfield code="a">84(4&#x412;&#x435;&#x43B;)-44</subfield>
    <subfield code="2">rubbk</subfield>
  </datafield>
  <datafield tag="801" ind1=" " ind2="0">
    <subfield code="a">RU</subfield>
    <subfield code="b">RKP</subfield>
    <subfield code="c">20030606</subfield>
    <subfield code="g">PSBO</subfield>
  </datafield>
  <datafield tag="801" ind1=" " ind2="1">
    <subfield code="a">RU</subfield>
    <subfield code="b">RKP</subfield>
    <subfield code="c">20030606</subfield>
  </datafield>
  <datafield tag="801" ind1=" " ind2="2">
    <subfield code="a">RU</subfield>
    <subfield code="b">NLR</subfield>
    <subfield code="c">20030820</subfield>
    <subfield code="g">rcr</subfield>
  </datafield>
  <datafield tag="942" ind1=" " ind2=" ">
    <subfield code="c">BOOK</subfield>
  </datafield>
  <datafield tag="980" ind1=" " ind2=" ">
    <subfield code="a">NB</subfield>
  </datafield>
  <datafield tag="995" ind1=" " ind2=" ">
    <subfield code="5">2003-06-18</subfield>
    <subfield code="a">ad</subfield>
    <subfield code="b">NLR01</subfield>
    <subfield code="c">NLR01</subfield>
    <subfield code="e">RF3</subfield>
    <subfield code="f">501131</subfield>
    <subfield code="k">2003-3/3908</subfield>
    <subfield code="o">0</subfield>
    <subfield code="r">BOOK</subfield>
    <subfield code="s">200333908_</subfield>
  </datafield>
  <datafield tag="995" ind1=" " ind2=" ">
    <subfield code="5">2003-06-18</subfield>
    <subfield code="a">ad</subfield>
    <subfield code="b">NLR01</subfield>
    <subfield code="c">NLR01</subfield>
    <subfield code="e">RF3</subfield>
    <subfield code="f">501132</subfield>
    <subfield code="k">2003-3/3908</subfield>
    <subfield code="o">0</subfield>
    <subfield code="r">BOOK</subfield>
    <subfield code="s">200333908_</subfield>
  </datafield>
</record>
